000 00258nam a2200109Ia 4500
008 190216s9999||||xx |||||||||||||| ||und||
100 _aSreedharan Cp
245 0 _aRashtra Thanthra Pravesham
260 _bVidyarthimithram
650 _aPolitics
942 _cBK
999 _c34846
_d34846